Missing Parts in Words - Statistics

General Stats
  • This quiz has been taken 20 times
  • The average score is 4 of 7
Answer Stats
Word Missing Part % Correct
furna ce
84%
shopp ing
84%
kni fe
68%
divi sion
58%
sal mon
37%
White board
26%
geogr raphy
16%
No matching quizzes found
Score Distribution
Percent of People with Each Score
Percentile by Number Answered
Your Score History
You have not taken this quiz